What katy did at school / (Record no. 133841)

MARC details
000 -LEADER
fixed length control field 00594nam a22002177a 4500
005 - DATE AND TIME OF LATEST TRANSACTION
control field 20170124110216.0
010 ## - LIBRARY OF CONGRESS CONTROL NUMBER
LC control number A-297242
020 ## - INTERNATIONAL STANDARD BOOK NUMBER
Terms of availability 00.00
International Standard Book Number 0600311708
035 ## - SYSTEM CONTROL NUMBER
System control number A-297242
037 ## - SOURCE OF ACQUISITION
Source of stock number/acquisition Cen Lib/Ret
040 ## - CATALOGING SOURCE
Original cataloging agency DPL
Language of cataloging EN
082 ## - DEWEY DECIMAL CLASSIFICATION NUMBER
Classification number N
Item number COO
100 ## - MAIN ENTRY--PERSONAL NAME
Personal name Coolidge, Susan
9 (RLIN) 100386
245 ## - TITLE STATEMENT
Title What katy did at school /
Statement of responsibility, etc by Susan Coolidge
260 ## - PUBLICATION, DISTRIBUTION, ETC. (IMPRINT)
Place of publication, distribution, etc London
Name of publisher, distributor, etc Hamlyn Publishing
Date of publication, distribution, etc 1986
270 ## - ADDRESS
City London
Address bridge house, london road
300 ## - PHYSICAL DESCRIPTION
Extent 271p.
Dimensions 21cm(Hb)
650 ## - SUBJECT ADDED ENTRY--TOPICAL TERM
Topical term or geographic name as entry element Children's literature
9 (RLIN) 100387
650 ## - SUBJECT ADDED ENTRY--TOPICAL TERM
Topical term or geographic name as entry element Families
9 (RLIN) 7703
942 ## - ADDED ENTRY ELEMENTS (KOHA)
Source of classification or shelving scheme Dewey Decimal Classification
Koha item type English Books
Classification part N
Call number suffix COO
Holdings
Withdrawn status Lost status Damaged status Not for loan Home library Current library Date acquired Source of acquisition Cost, normal purchase price Total Checkouts Full call number Barcode Date last seen Copy number Cost, replacement price Price effective from Koha item type Public note
Written off       Central Library Central Library 28/07/2015 Cen Lib/Ret 0.00   N COO A-297242 28/07/2015 1 0.00 28/07/2015 English Books Written off on approval by DLB (By Circulation); dtd 15-06-2023

© Delhi Public Library
Hit Counter
free hit counter